Stratigrafija pograničnych sloev mela i paleogena Gruzii i Slovakii

Bibliographic Details
Main Authors: Samuel, О. (Author), Salukvadze, N. Š. (Author), Gambašidze, P. A. (Author)
Format: Article
Language:Russian

MARC

LEADER 00000nab a2200000ua 4500
001 vtls010845581
003 SK-MaSNL
005 20260304002449.0
008 230218s1978 xo |||||||||||||||||rus|
035 |a (urnnbn)urn:nbn:sk:snk:ar-a074jv 
035 |a urn:nbn:sk:snk-ab6767 
035 |a (uuid)be5e78d0-a6d1-46ec-bd52-1a5818c634cb 
040 |a SNKBUCL  |b slo  |c SNKBUCL  |e AACR2 
041 0 |a rus 
044 |a xo  |c SK 
100 1 |a Samuel, О.  |4 aut  |9 1222350 
245 1 0 |a Stratigrafija pograničnych sloev mela i paleogena Gruzii i Slovakii  |c О. Samuel, N. Š. Salukvadze, P. A. Gambašidze 
700 1 |a Salukvadze, N. Š.  |4 aut  |9 1280000 
700 1 |a Gambašidze, P. A.  |4 aut  |9 1280001 
773 0 |t Geologické práce : správy  |g Roč. 69, č. 69 (1978), s. 227-260 
958 |a OND 
958 |a EUIPO 
958 |a article5 
999 |c 2542021  |d 2543951